00701nam a22001337a 4500003000900000005001700009008004100026040001300067245004400080250000600124260002100130300001900151520039700170IT-RoPau20220918181218.0131207b xxu||||| |||| 00| 0 eng d cIT-RoPau aLa preghiera liturgica in Don Alberione aI aRomabIMSAcS.a. a40 pp. c21 cm aIndice Introduzione Don Alberione: uomo di preghiera Gloria a Dio - Pace agli uomini Con la Chiesa La Liturgia Per Cristo - Con Cristo - In Cristo Dimensione escatologica della Liturgia L'Eucarestia La Scuola dell'Eucarestia L'Eucarestia scuola di virtù€ Eucarestia e Apostolato La Santa Messa Partecipi della Vita divina Liturgia e Bibbia Adorazione quotidiana Lode senza fine Conclusione